| 000 | 00536pab a2200181 454500 | ||
|---|---|---|---|
| 008 | 180718b2006 xxu||||| |||| 00| 0 eng d | ||
| 100 | _aGonzalez-Rozada, Martin | ||
| 245 | _aWhy have urban poverty and income inequality increased so much? Argentina, 1991-2001 | ||
| 260 | _c2006 | ||
| 300 | _ap.109-138. | ||
| 362 | _aOct | ||
| 650 | _aIncome distribution - Argentina | ||
| 650 | _aPoverty - Argentina | ||
| 650 | _aPoverty | ||
| 700 | _aMenendez, Alicia | ||
| 773 | _aEconomic Development and Cultural Change | ||
| 909 | _a72720 | ||
| 999 |
_c72720 _d72720 |
||